• 首页
  • 本馆介绍
  • 公告通知
  • 最新文献
  • 馆藏检索
  • 电子资源
  • 读者导购
  • 参考咨询
  • 我的图书馆
  • 登录
  • 详细信息显示
  • 放入我的书架
  • 预约/预借图书
  • 作者相关作品
  • 分类相关作品
  • 丛书相关作品
  • 出版社相关作品

书目信息

  • 表格格式
  • 工作单格式
  • 卡片格式
题名:
大沽河流域水文要素监测体系建设与实践
    
 
作者: 高宗军 著
分册:  
出版信息: 北京   中国水利水电出版社  2017
页数: 133页
开本: 24cm
丛书名: 水科学博士文库
单 册:
中图分类: P332
科图分类:
主题词: 河流--he liu--水文观测--研究--青岛
电子资源:
ISBN: 978-7-5170-5658-4
000 01414nam 2200301 450
001 012001003409
005 20140130143839.0
010    @a978-7-5170-5658-4@dCNY45.00
099    @aCAL 012017139035
100    @a20170830d2017 em y0chiy50 ea
101 0  @achi
102    @aCN@b110000
105    @aabk a 000yy
106    @ar
200 1  @a大沽河流域水文要素监测体系建设与实践@Ada gu he liu yu shui wen yao su jian ce ti xi jian she yu shi jian@d= Construction and practice of hydrological elements monitoring system in Dagu river basin@f高宗军 ... [等] 著@zeng
210    @a北京@c中国水利水电出版社@d2017
215    @a133页@c图, 地图@d24cm
225 2  @a水科学博士文库@Ashui ke xue bo shi wen ku
300    @a水利部公益项目“变化环境下大沽河水资源安全保障技术研究” (201301089) 资助
320    @a有书目 (第120-129页)
330    @a本书介绍了大沽河流域基于遥感的多水文要素构成的监测体系的建设与实践, 主要包括流域概况、流域蒸散发遥感反演、降水遥感估算与分析、土壤水分遥感反演与分析、径流量估计、土地利用动态监测、河道变迁分析与研究、大气-水文相互作用过程遥感监测体系等内容。
410  0 @12001 @a水科学博士文库
510 1  @aConstruction and practice of hydrological elements monitoring system in Dagu river basin@zeng
606 0  @a河流@Ahe liu@x水文观测@x研究@y青岛
690    @aP332@v5
701  0 @a高宗军@Agao zong jun@4著
801  2 @aCN@b北京卓展@c20191020
905    @b1211535-8@dP332@e162@f4
    
    大沽河流域水文要素监测体系建设与实践= Construction and practice of hydrological elements monitoring system in Dagu river basin/高宗军 ... [等] 著.-北京:中国水利水电出版社,2017
    133页:图, 地图;24cm.-(水科学博士文库)
    水利部公益项目“变化环境下大沽河水资源安全保障技术研究” (201301089) 资助
    
    ISBN 978-7-5170-5658-4:CNY45.00
    本书介绍了大沽河流域基于遥感的多水文要素构成的监测体系的建设与实践, 主要包括流域概况、流域蒸散发遥感反演、降水遥感估算与分析、土壤水分遥感反演与分析、径流量估计、土地利用动态监测、河道变迁分析与研究、大气-水文相互作用过程遥感监测体系等内容。
●
相关链接 在E读中查询图书 在五车中查询图书 在当当中查询图书 在豆瓣中查询图书


正题名:大沽河流域水文要素监测体系建设与实践     索取号:P332/162         预约/预借

序号 登录号 条形码 馆藏地/架位号 状态 备注
1 1211535   212115352   第二样本阅览室/ [索取号:P332/162] 在馆    
2 1211536   212115361   第三借阅区/ [索取号:P332/162] 在馆    
3 1211537   212115370   第三借阅区/ [索取号:P332/162] 在馆    
4 1211538   212115389   第三借阅区/ [索取号:P332/162] 在馆    
唐山师范学院图书馆 欢迎您!
大连网信软件有限公司© 版权所有